[Event "GER Cup final"]
[Site "Magdeburg"]
[Date "2020.08.21"]
[Round "4"]
[White "Rust Lux, Klaus"]
[Black "Savic, Robert"]
[Result "1/2-1/2"]
[WhiteElo "2086"]
[BlackElo "1903"]
[PlyCount "118"]
[EventDate "2020.08.20"]
[EventType "swiss"]
[EventRounds "5"]
[EventCountry "GER"]
[SourceTitle "EXT 2022"]
[Source "ChessBase"]
[SourceDate "2021.10.06"]
[SourceVersion "1"]
[SourceVersionDate "2021.10.06"]
[SourceQuality "1"]

1. c4 e5 2. Nc3 Nf6 3. g3 d5 4. cxd5 Nxd5 5. Bg2 Ne7 6. Nf3 Nbc6 7. 0-0 g6 8. d3 Bg7 9. a3 0-0 10. Bd2 h6 11. Rc1 Be6 12. Na4 b6 13. b4 a6 14. Qc2 Ra7 15. e3 Qd7 16. Bc3 Bh3 17. Rfd1 Bxg2 18. Kxg2 Rd8 19. Nb2 Qe6 20. e4 b5 21. Bd2 Rd7 22. Be3 Ra8 23. Bc5 a5 24. Ra1 Nd4 25. Nxd4 exd4 26. Rdc1 Nc6 27. a4 Nxb4 28. Bxb4 axb4 29. axb5 Ra3 30. Rxa3 bxa3 31. Nc4 Bf8 32. Qa4 Rd8 33. Ra1 Qe8 34. Ra2 Rb8 35. Nxa3 Ra8 36. Qb3 Rxa3 37. Rxa3 Bxa3 38. Qxa3 Qxb5 39. h4 h5 40. Kf3 c5 41. Kf4 Qb4 42. Qa6 Qd2+ 43. Kf3 Qd1+ 44. Kg2 Qc2 45. Qb5 Kg7 46. e5 Qe2 47. Qxc5 Qxd3 48. Qd6 Qe4+ 49. Kf1 d3 50. Kg1 Qe1+ 51. Kg2 Qe4+ 52. Kh2 Qf3 53. Kg1 Qd1+ 54. Kg2 Qe2 55. Qf6+ Kg8 56. Qd8+ Kh7 57. Qf6 Qe4+ 58. Qf3 Qc4 59. e6 Qxe6 1/2-1/2

[Event "GER Cup final"]
[Site "Magdeburg"]
[Date "2020.08.20"]
[Round "2"]
[White "Rust Lux, Klaus"]
[Black "Zeuner, Ole"]
[Result "1-0"]
[WhiteElo "2086"]
[BlackElo "1821"]
[PlyCount "125"]
[EventDate "2020.08.20"]
[EventType "swiss"]
[EventRounds "5"]
[EventCountry "GER"]
[SourceTitle "EXT 2022"]
[Source "ChessBase"]
[SourceDate "2021.10.06"]
[SourceVersion "1"]
[SourceVersionDate "2021.10.06"]
[SourceQuality "1"]

1. Nf3 Nf6 2. g3 g6 3. Bg2 Bg7 4. 0-0 0-0 5. c4 c6 6. d4 d5 7. Nc3 Nbd7 8. cxd5 cxd5 9. Ne5 Nb6 10. Qb3 Be6 11. Be3 Nfd7 12. Nxd7 Qxd7 13. Rad1 Nc4 14. Bc1 a5 15. a4 Rac8 16. Rfe1 Rfd8 17. Bg5 h6 18. Bf4 Qc6 19. e4 Nxb2 20. Nxd5 Bxd5 21. exd5 Qc2 22. Qxc2 Rxc2 23. Rd2 Rxd2 24. Bxd2 Nc4 25. Bc3 Rd7 26. Rc1 Nb6 27. d6 exd6 28. Bxa5 Nxa4 29. Rc8+ Kh7 30. Bf1 Nb2 31. Bb6 Re7 32. Rc2 Na4 33. Bd8 Re8 34. Bc7 d5 35. Bb5 Ra8 36. Be5 Nb6 37. Rc7 Bxe5 38. dxe5 Kg8 39. Rxb7 Nc4 40. f4 Ne3 41. Kf2 Ng4+ 42. Ke2 Nxh2 43. Bc6 d4 44. Kd3 Nf1 45. Bd5 Rf8 46. g4 Nh2 47. g5 h5 48. Kxd4 Ng4 49. Ke4 Nf2+ 50. Ke3 Nd1+ 51. Kf3 Nc3 52. Bb3 Kg7 53. e6 Kg8 54. exf7+ Kg7 55. Rb6 h4 56. Bc2 Rxf7 57. Rxg6+ Kf8 58. Rh6 h3 59. Rxh3 Nd5 60. Rh8+ Kg7 61. Rh7+ Kg8 62. Rxf7 Kxf7 63. Bb3 1-0

[Event "Oberliga Nord W 1718"]
[Site "Germany"]
[Date "2017.11.12"]
[Round "3.8"]
[White "Polster, Christian"]
[Black "Rust Lux, Klaus"]
[Result "1-0"]
[WhiteElo "2256"]
[BlackElo "2066"]
[PlyCount "51"]
[EventDate "2017.10.08"]
[EventType "team-tourn"]
[EventRounds "9"]
[EventCountry "GER"]
[SourceTitle "EXT 2019"]
[Source "ChessBase"]
[SourceDate "2018.10.10"]
[SourceVersion "1"]
[SourceVersionDate "2018.10.10"]
[SourceQuality "1"]
[WhiteTeam "Liste Turm"]
[BlackTeam "Bremer SG"]
[WhiteTeamCountry "GER"]
[BlackTeamCountry "GER"]

1. e4 c5 2. Nf3 e6 3. d4 cxd4 4. Nxd4 Nf6 5. Bd3 Nc6 6. Nxc6 bxc6 7. 0-0 d6 8. Qe2 e5 9. c4 Be7 10. c5 Be6 11. cxd6 Qxd6 12. Nc3 0-0 13. b3 Rfd8 14. Rd1 Qd4 15. Qc2 Qb4 16. Bd2 Qd6 17. Bg5 Qb4 18. Na4 Bg4 19. f3 Qd4+ 20. Kh1 Be6 21. Bc4 c5 22. Rxd4 cxd4 23. Bxe6 fxe6 24. Qc6 Kf7 25. Nc5 Bxc5 26. Qxc5 1-0

[Event "Oberliga Nord W 1617"]
[Site "Germany"]
[Date "2016.11.20"]
[Round "2.7"]
[White "Rust Lux, Klaus"]
[Black "Stock, Joerg"]
[Result "1/2-1/2"]
[WhiteElo "2070"]
[BlackElo "2185"]
[PlyCount "62"]
[EventDate "2016.10.16"]
[EventType "team-tourn"]
[EventRounds "9"]
[EventCountry "GER"]
[SourceTitle "EXT 2018"]
[Source "ChessBase"]
[SourceDate "2017.10.13"]
[SourceVersion "1"]
[SourceVersionDate "2017.10.13"]
[SourceQuality "1"]
[WhiteTeam "Bremer SG"]
[BlackTeam "Hellern"]
[WhiteTeamCountry "GER"]
[BlackTeamCountry "GER"]

1. d4 Nf6 2. c4 e6 3. Nc3 Bb4 4. Qc2 c5 5. dxc5 Nc6 6. Nf3 Bxc5 7. g3 0-0 8. Bg2 d5 9. 0-0 dxc4 10. Na4 Be7 11. Qxc4 e5 12. Nc3 Be6 13. Qa4 Nd7 14. Rd1 Qc8 15. Be3 Nc5 16. Bxc5 Bxc5 17. Ne4 Be7 18. Rac1 f6 19. Nc5 Bxc5 20. Rxc5 Rd8 21. a3 Rxd1+ 22. Qxd1 Qf8 23. Rc3 Rd8 24. Qc2 Rd7 25. h4 Qe8 26. b4 Qg6 27. Kh2 Qxc2 28. Rxc2 Kf7 29. Rd2 Rc7 30. Rc2 Rd7 31. Rd2 Rc7 1/2-1/2

[Event "Oberliga Nord W 1617"]
[Site "Germany"]
[Date "2016.10.16"]
[Round "1.8"]
[White "Rust Lux, Klaus"]
[Black "Stotyn, Fabian"]
[Result "0-1"]
[WhiteElo "2070"]
[BlackElo "2188"]
[PlyCount "80"]
[EventDate "2016.10.16"]
[EventType "team-tourn"]
[EventRounds "9"]
[EventCountry "GER"]
[SourceTitle "EXT 2018"]
[Source "ChessBase"]
[SourceDate "2017.10.13"]
[SourceVersion "1"]
[SourceVersionDate "2017.10.13"]
[SourceQuality "1"]
[WhiteTeam "Bremer SG"]
[BlackTeam "Nordhorn Blanke"]
[WhiteTeamCountry "GER"]
[BlackTeamCountry "GER"]

1. d4 Nf6 2. c4 c5 3. d5 b5 4. cxb5 a6 5. bxa6 Bxa6 6. Nc3 g6 7. e4 Bxf1 8. Kxf1 d6 9. g3 Bg7 10. Kg2 0-0 11. Nf3 Nbd7 12. h3 Qa5 13. Re1 Rfb8 14. Re2 Ne8 15. Rc2 Nc7 16. Qe2 Nb5 17. Nxb5 Qxb5 18. Qxb5 Rxb5 19. Nd2 Ra4 20. a3 Nb6 21. Ra2 c4 22. Nb1 c3 23. f3 cxb2 24. Bxb2 Nc4 25. Nc3 Bxc3 26. Rxc3 Rxb2+ 27. Rxb2 Nxb2 28. g4 Nc4 29. g5 Kg7 30. Rb3 f6 31. h4 Rxa3 32. Rb7 Kf7 33. Rb8 fxg5 34. hxg5 Nd2 35. Rh8 Nxf3 36. Rxh7+ Ke8 37. Kf2 Nxg5 38. Rh4 Ra4 39. Rg4 Nxe4+ 40. Ke3 Nc3 0-1

[Event "GER-chT Seniors 25th"]
[Site "Magdeburg"]
[Date "2016.10.11"]
[Round "3.2"]
[White "Rust Lux, Klaus"]
[Black "Gruzmann, Boris"]
[Result "0-1"]
[WhiteElo "2059"]
[BlackElo "2253"]
[PlyCount "102"]
[EventDate "2016.10.09"]
[EventType "team-swiss"]
[EventRounds "7"]
[EventCountry "GER"]
[SourceTitle "EXT 2019"]
[Source "ChessBase"]
[SourceDate "2018.10.10"]
[SourceVersion "1"]
[SourceVersionDate "2018.10.10"]
[SourceQuality "1"]
[WhiteTeam "Bremen"]
[BlackTeam "Schleswig Holstein"]
[WhiteTeamCountry "GER"]
[BlackTeamCountry "GER"]

1. d4 Nf6 2. c4 d6 3. Nc3 g6 4. e4 Bg7 5. Be2 0-0 6. Nf3 Bg4 7. Be3 Nfd7 8. Rc1 e5 9. d5 f5 10. 0-0 a5 11. Ne1 Bxe2 12. Qxe2 Na6 13. f3 Nf6 14. Nd3 b6 15. b3 Nc5 16. Nf2 Nh5 17. Nh3 h6 18. g3 Qd7 19. Kg2 Nf6 20. Nf2 Rf7 21. Rb1 Nh7 22. Nd3 f4 23. Nxc5 bxc5 24. Bd2 h5 25. gxf4 exf4 26. Kh1 g5 27. Qg2 Raf8 28. Ne2 g4 29. Bc3 Ng5 30. Bxg7 Rxg7 31. Ng1 gxf3 32. Qc2 Qg4 33. Rbe1 Re8 34. Qf2 Rxe4 35. Rxe4 Nxe4 36. Qxf3 Nd2 37. Qxg4 Rxg4 38. Rf2 Ne4 39. Rf3 Ng5 40. Rf1 Kg7 41. h3 Rh4 42. Kg2 Kg6 43. Re1 a4 44. Re7 axb3 45. axb3 f3+ 46. Nxf3 Nxf3 47. Kxf3 Rxh3+ 48. Kg2 Rxb3 49. Rxc7 Rd3 50. Rb7 Kg5 51. Rb8 Kf4 0-1

[Event "GER-chT Seniors 25th"]
[Site "Magdeburg"]
[Date "2016.10.09"]
[Round "1.22"]
[White "Rust Lux, Klaus"]
[Black "Sprotte, Norbert"]
[Result "1/2-1/2"]
[WhiteElo "2059"]
[BlackElo "2209"]
[PlyCount "42"]
[EventDate "2016.10.09"]
[EventType "team-swiss"]
[EventRounds "7"]
[EventCountry "GER"]
[SourceTitle "EXT 2019"]
[Source "ChessBase"]
[SourceDate "2018.10.10"]
[SourceVersion "1"]
[SourceVersionDate "2018.10.10"]
[SourceQuality "1"]
[WhiteTeam "Bremen"]
[BlackTeam "Berlin"]
[WhiteTeamCountry "GER"]
[BlackTeamCountry "GER"]

1. d4 Nf6 2. c4 c5 3. d5 b5 4. cxb5 a6 5. bxa6 g6 6. Nc3 Bxa6 7. e4 Bxf1 8. Kxf1 d6 9. g3 Bg7 10. Kg2 0-0 11. Nf3 Nbd7 12. Re1 Ng4 13. Bf4 Qa5 14. Rc1 Rfb8 15. Qe2 Qa6 16. h3 Nge5 17. Nxe5 Nxe5 18. Bxe5 Bxe5 19. Qxa6 Rxa6 20. Re2 Rb4 21. Rcc2 Bxc3 1/2-1/2

[Event "Oberliga Nord W 1415"]
[Site "Germany"]
[Date "2015.02.22"]
[Round "7.7"]
[White "Rust Lux, Klaus"]
[Black "Ljubarskij, Jurij"]
[Result "1/2-1/2"]
[WhiteElo "2096"]
[BlackElo "2298"]
[PlyCount "63"]
[EventDate "2014.09.22"]
[EventType "team-tourn"]
[EventRounds "9"]
[EventCountry "GER"]
[SourceTitle "EXT 2016"]
[Source "ChessBase"]
[SourceDate "2015.10.08"]
[SourceVersion "1"]
[SourceVersionDate "2015.10.08"]
[SourceQuality "1"]
[WhiteTeam "Bremer SG"]
[BlackTeam "Hannover"]
[WhiteTeamCountry "GER"]
[BlackTeamCountry "GER"]

1. d4 d5 2. c4 c6 3. Nf3 Nf6 4. Nc3 e6 5. e3 Bd6 6. Qc2 Nbd7 7. b3 0-0 8. Bb2 Qe7 9. Be2 Re8 10. 0-0 e5 11. dxe5 Nxe5 12. cxd5 cxd5 13. Nb5 Bb8 14. Nxe5 Bxe5 15. Bxe5 Qxe5 16. Rac1 Bg4 17. Bxg4 Nxg4 18. Qc7 a6 19. Qxe5 Rxe5 20. Nd4 Re7 21. Rc5 Rd7 22. Rfc1 g6 23. Rc7 Rad8 24. h3 Nf6 25. Nf3 Rxc7 26. Rxc7 Rd7 27. Rxd7 Nxd7 28. Kf1 Kf8 29. Ke2 Ke7 30. Kd3 f6 31. Kd4 Kd6 32. Ne1 1/2-1/2

[Event "Oberliga Nord W 1415"]
[Site "Germany"]
[Date "2015.01.18"]
[Round "5.7"]
[White "Rust Lux, Klaus"]
[Black "Charmeteau, Sven"]
[Result "0-1"]
[WhiteElo "2110"]
[BlackElo "2209"]
[PlyCount "98"]
[EventDate "2014.09.22"]
[EventType "team-tourn"]
[EventRounds "9"]
[EventCountry "GER"]
[SourceTitle "EXT 2016"]
[Source "ChessBase"]
[SourceDate "2015.10.08"]
[SourceVersion "1"]
[SourceVersionDate "2015.10.08"]
[SourceQuality "1"]
[WhiteTeam "Bremer SG"]
[BlackTeam "Werder Bremen II"]
[WhiteTeamCountry "GER"]
[BlackTeamCountry "GER"]

1. d4 Nf6 2. c4 g6 3. Nc3 d5 4. cxd5 Nxd5 5. e4 Nxc3 6. bxc3 c5 7. Nf3 Bg7 8. Bb5+ Bd7 9. Bxd7+ Nxd7 10. 0-0 0-0 11. Rb1 Qc7 12. Re1 e5 13. d5 Nb6 14. Qb3 Rab8 15. Re2 Nc8 16. a4 a6 17. c4 Nd6 18. Ba3 Rfc8 19. h3 b5 20. axb5 axb5 21. cxb5 Nxb5 22. Ree1 c4 23. Qe3 c3 24. Bc1 Qc4 25. Qg5 f6 26. Qg4 Nd4 27. Rxb8 Rxb8 28. Nxd4 exd4 29. Qe6+ Kh8 30. Bf4 Rf8 31. Bd6 Ra8 32. e5 f5 33. Be7 c2 34. Bf6 c1Q 35. Bxg7+ Kxg7 36. Qe7+ Kh6 37. Qh4+ Kg7 38. Qe7+ Kg8 39. Qe6+ Kf8 40. Qf6+ Ke8 41. Qe6+ Kd8 42. Kh2 Qxe1 43. Qg8+ Kc7 44. d6+ Kb6 45. Qxc4 Qxe5+ 46. g3 Qxd6 47. Qb3+ Kc5 48. Qc2+ Kd5 49. Qb3+ Ke5 0-1

[Event "Oberliga Nord W 1314"]
[Site "Germany"]
[Date "2014.02.23"]
[Round "7.6"]
[White "Cordes, Klaus"]
[Black "Rust Lux, Klaus"]
[Result "1-0"]
[WhiteElo "2241"]
[BlackElo "2094"]
[PlyCount "49"]
[EventDate "2013.10.13"]
[EventType "team-tourn"]
[EventRounds "9"]
[EventCountry "GER"]
[SourceTitle "EXT 2015"]
[Source "ChessBase"]
[SourceDate "2014.11.20"]
[SourceVersion "1"]
[SourceVersionDate "2014.11.20"]
[SourceQuality "1"]
[WhiteTeam "Lister Turm"]
[BlackTeam "Bremer SG"]
[WhiteTeamCountry "GER"]
[BlackTeamCountry "GER"]

1. Nf3 Nf6 2. g3 d5 3. Bg2 Bf5 4. c4 c6 5. b3 h6 6. 0-0 e6 7. Bb2 Nbd7 8. d3 a5 9. Nc3 Nc5 10. cxd5 exd5 11. Nd4 Bc8 12. e4 dxe4 13. dxe4 Be7 14. e5 Nd5 15. Nxd5 cxd5 16. Nb5 0-0 17. Bxd5 Ne6 18. Rc1 Qb6 19. Nd6 Bxd6 20. exd6 Qxd6 21. Qh5 Ng5 22. Rfd1 Qd7 23. h4 Nh7 24. Rc7 Qxc7 25. Qg6 1-0

[Event "Oberliga Nord W 1314"]
[Site "Germany"]
[Date "2013.11.24"]
[Round "3.7"]
[White "Rust Lux, Klaus"]
[Black "Bierenbroodspot, Paul"]
[Result "1/2-1/2"]
[WhiteElo "2094"]
[BlackElo "2147"]
[PlyCount "59"]
[EventDate "2013.10.13"]
[EventType "team-tourn"]
[EventRounds "9"]
[EventCountry "GER"]
[SourceTitle "EXT 2015"]
[Source "ChessBase"]
[SourceDate "2014.11.20"]
[SourceVersion "1"]
[SourceVersionDate "2014.11.20"]
[SourceQuality "1"]
[WhiteTeam "Bremer SG"]
[BlackTeam "Nordhorn Blanke"]
[WhiteTeamCountry "GER"]
[BlackTeamCountry "GER"]

1. d4 d5 2. c4 c6 3. Nf3 e6 4. Qc2 f5 5. g3 Nf6 6. Bg2 Bd6 7. 0-0 0-0 8. b3 Qe7 9. Bb2 Ne4 10. Nbd2 Nd7 11. Ne5 Nxe5 12. dxe5 Bc5 13. Nxe4 fxe4 14. e3 Bd7 15. Rac1 Bb4 16. f3 exf3 17. Rxf3 Rxf3 18. Bxf3 Rf8 19. Qe2 Be8 20. cxd5 exd5 21. e4 Qf7 22. Kg2 dxe4 23. Qxe4 Bd7 24. Rf1 Qe7 25. Bg4 Rxf1 26. Kxf1 Bxg4 27. Qxg4 Bc5 28. Kg2 Qf7 29. Qc8+ Qf8 30. Qxf8+ 1/2-1/2